International business (Record no. 210643)

MARC details
000 -LEADER
fixed length control field 00432nam a2200169Ia 4500
008 - FIXED-LENGTH DATA ELEMENTS--GENERAL INFORMATION
fixed length control field 231221s9999 xx 000 0 und d
020 ## - INTERNATIONAL STANDARD BOOK NUMBER
International Standard Book Number 9790000000000
041 ## - LANGUAGE CODE
Language code of text/sound track or separate title English
082 ## - DEWEY DECIMAL CLASSIFICATION NUMBER
Classification number 659 SHE;1
100 ## - MAIN ENTRY--PERSONAL NAME
Personal name Shenkar, Oded. Luo, Yadong.
245 #0 - TITLE STATEMENT
Title International business
260 ## - PUBLICATION, DISTRIBUTION, ETC.
Date of publication, distribution, etc. 2004
Name of publisher, distributor, etc. John wiley and sons
Place of publication, distribution, etc. New Delhi
300 ## - PHYSICAL DESCRIPTION
Extent xvii,513+CA183+G13+I21
300 ## - PHYSICAL DESCRIPTION
Dimensions 58603
650 ## - SUBJECT ADDED ENTRY--TOPICAL TERM
Topical term or geographic name entry element business
942 ## - ADDED ENTRY ELEMENTS (KOHA)
Koha item type Compact Disks
Holdings
Date last seen Total checkouts Full call number Accession number Price effective from Category Lost status Damaged status Department Withdrawn status Home library Current library Shelving location Entry date Vendor Grants Billnumber Billdate Currency symbol Conversion rate Discount Old discount
26/01/2024   659 SHE;1 CD4486 26/01/2024 Compact Disks     Central Library   Central Library Central Library Central Library   Surya Infotainment Products Pvt. Ltd. MBA 0910/1823 23/05/2014 RS 1    

© For any Suggestions or Query, please contact the library staff @ librarian@pes.edu or Phone: +9180 2672 1983/ 2108.